000 01479cam a22002294a 4500
005 20250605163939.0
008 250528s ||||||||||||||||||||||||d
035 _a14978
020 _a9607251237
040 _aGR-AtMCL
_bgre
_dGR-AtMCL
_eAACR2
245 1 _aΑνάπτυξη Εφαρμογών σε Προγραμματιστικό Περιβάλλον / Βιβλίο Μαθητή Γ' Ενιαίου Λυκείου (Τεχνολογικής Κατεύθυνσης)
260 _bΑθήνα,
_c1999
300 _a338
520 _aΑνάλυση Προβλήματος, Βασικές Έννοιες Αλγορίθμων, Δομές Δεδομένων και Αλγόριθμοι, Τεχνικές Σχεδίασης Αλγορίθμων, Ανάλυση Αλγορίθμων, Εισαγωγή στον Προγραμματισμό, Βασικά στοιχεία Προγραμματισμού, Επιλογή και Επανάληψη, Πίνακες, Υποπρογράμματα, Σύγχρονα Προγραμματιστικά Περιβάλλοντα, Σχεδίαση Διεπαφής Χρήστη, Εκσφαλμάτωση Προγράμματος, Αξιολόγηση - Τεκμηρίωση, Ευρετήριο.
700 1 _aΒακαλή Α
_9796
700 1 _aΓιαννόπουλος Ηιωαννλίδης Ν
_9797
700 1 _aΙωαννίδης Ν
_9798
700 1 _aΚοίλιας Χρήστος
_9799
942 _cBK
999 _c587
_d587